• 首页
  • 本馆介绍
  • 公告通知
  • 最新文献
  • 馆藏检索
  • 电子资源
  • 读者导购
  • 参考咨询
  • 我的图书馆
  • 登录
  • 详细信息显示
  • 放入我的书架
  • 预约/预借图书
  • 作者相关作品
  • 分类相关作品
  • 丛书相关作品
  • 出版社相关作品

书目信息

  • 表格格式
  • 工作单格式
  • 卡片格式
题名:
读懂“一带一路”绿色发展理念
    
 
作者: 许勤华 主编
分册:  
出版信息: 杭州   浙江文艺出版社  2021.1
页数: 84页
开本: 24cm
丛书名:
单 册:
中图分类: X171.4
科图分类:
主题词: “一带一路”--生态环境保护--国际环境合作--研究
电子资源:
ISBN: 978-7-5339-6347-7
000 00949nam0 2200241 45
001 012001000677
005 20130911165732.0
010    @a978-7-5339-6347-7@dCNY29.00
100    @a20210220d2021 em y0chiy50 ea
101 0  @achi
102    @aCN@b330000
105    @aa z 000yy
106    @ar
200 1  @a读懂“一带一路”绿色发展理念@Adu dong “ yi dai yi lu ” lv se fa zhan li nian@f许勤华主编
210    @a杭州@c浙江文艺出版社@d2021.1
215    @a84页@c彩照@d24cm
304    @a中国国际文化交流中心“一带一路”绿色发展研究院组织编写
330    @a本书阐述了建设绿色“一带一路”的重要意义,内容包括:“一带一路”绿色发展理念提出的历史背景;“一带一路”绿色发展的认识过程;“一带一路”绿色发展的理念概述;对“一带一路”绿色发展实现路径的思考等。
606 0  @a“一带一路”@x生态环境保护@x国际环境合作@x研究
690    @aX171.4@v5
701  0 @a许勤华@Axu qin hua@4主编
801  0 @aCN@bBJSDL@c20211011
905    @b1335674-7@dX171.4@e268@f4
    
    读懂“一带一路”绿色发展理念/许勤华主编.-杭州:浙江文艺出版社,2021.1
    84页:彩照;24cm
    
    
    ISBN 978-7-5339-6347-7:CNY29.00
    本书阐述了建设绿色“一带一路”的重要意义,内容包括:“一带一路”绿色发展理念提出的历史背景;“一带一路”绿色发展的认识过程;“一带一路”绿色发展的理念概述;对“一带一路”绿色发展实现路径的思考等。
●
相关链接 在E读中查询图书 在五车中查询图书 在当当中查询图书 在豆瓣中查询图书


正题名:读懂"一带一路"绿色发展理念     索取号:X171.4/268         预约/预借

序号 登录号 条形码 馆藏地/架位号 状态 备注
1 1335674   213356740   第二样本阅览室/ [索取号:X171.4/268] 在馆    
2 1335675   213356759   第三借阅区/ [索取号:X171.4/268] 在馆    
3 1335676   213356768   第三借阅区/ [索取号:X171.4/268] 在馆    
4 1335677   213356777   第三借阅区/ [索取号:X171.4/268] 在馆    
唐山师范学院图书馆 欢迎您!
大连网信软件有限公司© 版权所有